000
00295nam a2200133Ia 4500
100
_a
Dooley
942
_c
BK
654
_a
Management.
245
_a
Waps administration & worker productivity.
260
_b
WILEY EASTERN LIMITED
_c
2001
082
_a
658.3
300
_a
219
546
_a
ENGLISH
999
_c
31055
_d
31055